00654cam a22002292 450000100060000000300080000600500170001400800390003103500190007004000270008904100080011608200200012410000210014424500440016526000370020930000350024649000370028150400300031850400200034865000190036883000370038730868BD-RjUL20211209051628.0140412s1967 nyua b 001 0 eng a(BD-RjUL)30955 aDLCcDLCdBD-RjULbeng aeng00a152.8bNUP 19671 aNunnally, Jum C.10aPsychometric theory /cJum C. Nunnally. aNew York :bMcGraw-Hill,cc1967. axiii, 640 p. :bill. ;c23 cm.1 aMcGraw-Hill series in psychology aBibliography: p. 623-631. aIncludes index. 0aPsychometrics. 0aMcGraw-Hill series in psychology